| 000 | 00612nam a2200205 a 4500 | ||
|---|---|---|---|
| 001 | 55114 | ||
| 003 | BD-RjUL | ||
| 005 | 20211209080221.0 | ||
| 008 | 161114s1961 nyu||||| |||| 00| 0 eng d | ||
| 035 | _a(BD-RjUL)55236 | ||
| 040 |
_aBD-RjUL _beng _cBD-RjUL |
||
| 041 | _aeng | ||
| 082 |
_223 _a822.33 _bREC 1961 |
||
| 100 |
_aReese, M .M . _9164280 |
||
| 245 |
_aThe cease of majesty : _b a study of Shakespeare's history plays / _cM.M.Reese. |
||
| 260 |
_aLondon : _bEdward Arnold, _c1961. |
||
| 300 |
_a350 p. ; _b23 cm |
||
| 600 |
_aShakespeare, William, -- 1564-1616 -- Histories. _9164281 |
||
| 942 |
_2ddc _cBK |
||
| 999 |
_c55114 _d55114 |
||